Plant genetic resources for food and agriculture (Registro nro. 1182)

Detalles MARC
000 -CABECERA
Campo de control 00929nam a2200265 a 4500
005 - FECHA Y HORA DE LA ULTIMA TRANSACCION
Campo de control 20200104041519.0
008 - ELEMENTOS DE LONGITUD FIJA—INFORMACION GENERAL
Campo de control 140226b1996 gw d||||r||||f10| 0 eng d
040 ## - FUENTE DE CATALOGACIÓN
Agencia catalogadora original CO-BoIAVH
Agencia transcriptora CO-BoIAVH
041 0# - IDIOMA
Código de idioma para texto/pista de sonido o título separado Inglés
044 ## - PAÍS DE PUBLICACIÓN
País de publicación Alemania
082 04 - NUMERO DE CLASIFICACION DECIMAL DEWEY
Número de clasificación 631.5233
Número del ítem G37p
110 1# - ASIENTO PRINCIPAL--NOMBRE CORPORATIVO
Nombre corporativo o de jurisdicción como elemento de entrada Germany Republic.
Unidad subordinad Federal Ministry of Food, Agriculture and Forestry
9 (RLIN) 11195
245 10 - MENCION DE TITULO
Título Plant genetic resources for food and agriculture
Parte restante del título German national report
260 ## - PUBLICACION, DISTRIBUCION, ETC. (PIE DE IMPRENTA)
Lugar de publicación, distribución, etc. Bonn :
Nombre del editor, distribuidor, etc. Federal Ministry of Food :
-- Agriculture and Forestry,
Fecha de publicación, distribución, etc. 1996.
300 ## - DESCRIPCION FISICA
Extensión 167 páginas :
Otros detalles físicos tablas ;
Dimensiones 21 x 15 cm.
500 ## - NOTA GENERAL
Nota general Incluye anexos.
650 16 - ASIENTO SECUNDARIO DE MATERIA - TERMINO TEMATICO
Término temático o nombre geográfico como elemento de entrada Recursos genéticos vegetales
9 (RLIN) 69972
650 26 - ASIENTO SECUNDARIO DE MATERIA - TERMINO TEMATICO
Término temático o nombre geográfico como elemento de entrada Agricultura
9 (RLIN) 304
650 16 - ASIENTO SECUNDARIO DE MATERIA - TERMINO TEMATICO
Término temático o nombre geográfico como elemento de entrada Política agrícola
9 (RLIN) 7437
650 24 - ASIENTO SECUNDARIO DE MATERIA - TERMINO TEMATICO
Término temático o nombre geográfico como elemento de entrada Conservación in situ
9 (RLIN) 3264
650 24 - ASIENTO SECUNDARIO DE MATERIA - TERMINO TEMATICO
Término temático o nombre geográfico como elemento de entrada Conservación ex situ
9 (RLIN) 4301
650 26 - ASIENTO SECUNDARIO DE MATERIA - TERMINO TEMATICO
Término temático o nombre geográfico como elemento de entrada Uso de la tierra
9 (RLIN) 69975
650 26 - ASIENTO SECUNDARIO DE MATERIA - TERMINO TEMATICO
Término temático o nombre geográfico como elemento de entrada Cooperación internacional
9 (RLIN) 69976
942 ## - ELEMENTOS ADICIONALES (KOHA)
Tipo de ítem Libro
Sistema de clasificación Dewey Decimal Classification
Existencias
Withdrawn status Lost status Sistema de Clasificación Damaged status No para préstamo Colección Inventariado Ubicación Permanente Ubicación actual Fecha de adquisición Fuente de Valor Valor Total Checkouts Número topográfico Inventario / Código de Barras Date last seen Ejemplar Price effective from Forma de adquisición Tipo de material
    Dewey Decimal Classification     General Inventariado 2017 Bogotá Bogotá 18/04/1999 Instituto 39000.00   LB-631.5233 G37p 001608 04/12/2012 Ej. 1 04/12/2012 Donación Libro